| 000 | 00773nam a22001937a 4500 | ||
|---|---|---|---|
| 003 | 0 | ||
| 005 | 20250405132757.0 | ||
| 008 | 250405b xxu||||| |||| 00| 0 eng d | ||
| 050 |
_aLB 2911 _b.C86 2019 |
||
| 100 | _aCuneta, Raymond P. | ||
| 245 |
_aSchool management system project plan for south mansfield college _cCuneta, Raymond P. |
||
| 260 |
_aLas Pinas City _bSouthville International School and Colleges _c2019 |
||
| 300 |
_aix, 63 pages: _bcolored illustration and pictures; _c28cm. |
||
| 500 | _aMaster in Information Technology. | ||
| 504 | _aIncludes bibliographical references and appendices. | ||
| 650 | _aSchool management and organization -- School management and organization. | ||
| 650 | _aSouth Mansfield College—Administration. | ||
| 942 |
_2lcc _cBK |
||
| 999 |
_c367378 _d367378 |
||